Smiths Song Lyrics - Statistics

General Stats
  • This quiz has been taken 417 times
    415 since last reset
  • The average score is 5 of 15
Answer Stats
Hint Answer % Correct
What difference does it make? none
71%
Does the body rule the mind, or does the mind rule the body? I don't know
69%
Where are we happy? the cemetery gates
41%
Why do I wear black on the outside? black is how I feel on the inside
39%
What is a miserable lie? love
37%
What does everything depend upon? how near you stand to me
31%
What does he do in the room downstairs? sit and stare
31%
How long ago was Troubled Joe hung? 18 months
29%
The passing of time leaves? empty lives
26%
What should you return? the ring
20%
Where should I meet you? at the fountain
16%
It isn't wrong to want to live like this... on your own
15%
What makes most people feel happy, leads us where? headlong into harm
9%
Life is never this... kind
9%
What's a long time? six months
9%
No matching quizzes found
Score Distribution
Percent of People with Each Score
Percentile by Number Answered
Your Score History
You have not taken this quiz since the last reset